| 000 | 00525cam a2200217ua 4500 | ||
|---|---|---|---|
| 020 |
_a81-224-0886-9 _c550.00 |
||
| 041 |
_aeng _h |
||
| 082 |
_a539.75 _bSIN/NU |
||
| 100 | _aSingh, S . | ||
| 245 |
_aNuclear reactions / _cS Singh. _hTextual Documents |
||
| 250 |
_a1 / _b. |
||
| 260 |
_aNew Delhi : _bNew Age International Ltd , _c1996. |
||
| 300 | _a392 ; . | ||
| 365 | _a550.00 | ||
| 500 | _a* CSS | ||
| 504 | _a | ||
| 700 | 1 | _aMukherjee, . | |
| 942 | _cBK | ||
| 999 |
_c7191 _d7191 |
||